000 01119nam a2200229 a 4500
001 000028896
005 20260325092010.0
008 110412s2007 dr 001 0 spa d
040 _aDO-SdBNP
_bspa
_cBNPHU
082 _a322.1
_bR426p
110 1 _aRepública Dominicana.
_bSuprema Corte de Justicia
_97906
245 1 3 _aEl Poder Judicial visto por la Iglesia /
_cpresentación Jorge A. Subero Isa.
260 _aSanto Domingo :
_bSuprema Corte de Justicia,
_c2007.
300 _a97 p. ;
_c22 cm.
505 0 _gPresentación /
_rJorge A. Subero Isa --
_tHomilías pronunciadas en conmemoración del Día del Poder Judicial --
_tHomilías pronunciadas en conmemoración a los aniversarios del nombramiento de los actuales jueces de la Suprema Corte de Justicia --
_tHomilías pronunciadas en conmemoración de ocasiones especiales.
590 _aInventariado, 2019/BT
650 0 _aPoder judicial
_9556
650 4 _aSermones
_96631
650 4 _aIglesia y estado
_zRepública Dominicana
_xIglesia católica
_955862
700 1 _aSubero Isa, Jorge A.,
_d1947-
_epresent.
_976863
910 _aValidado. Control de calidad EMS
999 _c28388
_d28388